تدريس القرآن الكريم فى تشاد منطقتى كانم ووداى
Saved in:
| 主要作者: | |
|---|---|
| 其他作者: | |
| 格式: | Thesis |
| 語言: | Arabic |
| 出版: |
الخرطوم
: معهد الخرطوم الدولى،
1990
|
| 主題: | |
| 標簽: |
添加標簽
沒有標簽, 成為第一個標記此記錄!
|
| LEADER | 013410000a22003250004500 | ||
|---|---|---|---|
| 001 | 88618 | ||
| 005 | 20021114222400.0 | ||
| 008 | 940131s1990 ara | ||
| 035 | |a 294894 | ||
| 035 | |a (Sirsi) 88618 | ||
| 040 | |a UIAM |b eng | ||
| 043 | |a f-cd--- | ||
| 049 | |b m | ||
| 050 | |a BP130.8 | ||
| 100 | 1 | |a آدم، أحمد بين | |
| 245 | 1 | 0 | |a تدريس القرآن الكريم فى تشاد منطقتى كانم ووداى |c / اعداد أحمد بين آدم ؛ اشراف عبد الرحمن عبد الله الخانجى |
| 246 | 1 | 3 | |a Tadris al-Qur'an al-karim fi Chad, mantiqatay Kanum wa-Wadday / |c i'dad Ahmad Bayyin Adam; ishraf 'Abd al-Rahman 'Abd Allah al-Khanji |
| 260 | 1 | |a الخرطوم |b : معهد الخرطوم الدولى، |c 1990 | |
| 300 | |a 68 p. ;34 cm. | ||
| 500 | |a Abstract in French | ||
| 502 | |a (M.A.)--Ma'had al-Khartum al-Duwali lil-Lughat al-'Arabiyah, 1990 | ||
| 596 | |a 1 | ||
| 650 | 8 | |a لغة عربية |x طرق تدريس |z تشاد | |
| 650 | 8 | |a رسالة جامعية | |
| 650 | 0 | |a Qur'an |x Study and teaching |z Chad | |
| 655 | 0 | 7 | |a Theses, non-IIUM |
| 700 | 1 | |a Adam, Ahmad Bayyin | |
| 900 | |a checked a r r 150496 | ||
| 999 | |c 430526 |d 462017 | ||
| 952 | |0 0 |6 T BP 000130.8 A193T |7 0 |8 THESES |9 749794 |a IIUM |b IIUM |c MULTIMEDIA |g 0.00 |o t BP130.8A193T |p 00000294899 |r 2017-10-17 |t 1 |v 0.00 |y THESIS | ||
